Steel Construction Institute (Record no. 120551)

MARC details
000 -LEADER
fixed length control field 00855cam a2200169 4500
001 - CONTROL NUMBER
control field ##L136109
008 - FIXED-LENGTH DATA ELEMENTS--GENERAL INFORMATION
fixed length control field 070110n 000 0 eng u
035 ## - SYSTEM CONTROL NUMBER
System control number (Sirsi) u136109
110 2# - MAIN ENTRY--CORPORATE NAME
Corporate name or jurisdiction name as entry element Steel Construction Institute
9 (RLIN) 1900
245 00 - TITLE STATEMENT
Title Steel Construction Institute
520 ## - SUMMARY, ETC.
Summary, etc. Website for this member institute which provides technical services to professionals within the steel construction industry. Provides access to Steelbiz, the technical library for steel construction which includes online information. Website also covers news, publications including the latest issue New Steel Construction, education, and projects.
590 ## - LOCAL NOTE (RLIN)
Local note KA
651 #4 - SUBJECT ADDED ENTRY--GEOGRAPHIC NAME
Geographic name United Kingdom
Chronological subdivision
690 ## - LOCAL SUBJECT ADDED ENTRY--TOPICAL TERM (OCLC, RLIN)
Topical term or geographic name as entry element BUILT ENVIRONMENT-BUILDING MATERIALS-METAL-STEEL
856 40 - ELECTRONIC LOCATION AND ACCESS
Uniform Resource Identifier <a href="https://www.steel-sci.org">https://www.steel-sci.org</a>
Public note View the website free of charge at www.steel-sci.org...
942 ## - ADDED ENTRY ELEMENTS (KOHA)
Suppress in OPAC 0
Holdings
Withdrawn status Lost status Source of classification or shelving scheme Damaged status Not for loan Home library Current library Shelving location Date acquired Total Checkouts Full call number Barcode Date last seen Copy number Price effective from Koha item type
    Dewey Decimal Classification     Virtual Virtual Online 10/01/2007   WEB SITE 136109-2001 06/08/2019 1 06/08/2019 Online material